| 000 | 00737nam a22001577a 4500 | ||
|---|---|---|---|
| 003 | OSt | ||
| 005 | 20150919105832.0 | ||
| 008 | 150919b xxu||||| |||| 00| 0 eng d | ||
| 040 | _cRUA | ||
| 082 | _aAGR BOU 2004 B030 Or.1 | ||
| 100 |
_9855 _aBOUN, SOPHEAKNA. |
||
| 245 | _apotential and constraints in establishing organic rice producer group in tramkak district, takeo province ( សក្តានូពល និងកត្តារារាំងក្នុងការចងក្រងជាក្រុមផលិតផលអង្ករសរីរាង្គ នៅស្រុកត្រាំកក់ ខេត្តតាកែវ ) | ||
| 260 |
_aPhnom Penh _bRUA _c2004 |
||
| 300 |
_a58p. _bill. _c29cm. |
||
| 942 |
_2ddc _cAGR |
||
| 999 |
_c822 _d822 |
||